[Event "SVK-chT2C 1213"]
[Site "Slovakia"]
[Date "2012.12.01"]
[Round "3.7"]
[White "Rogos, Jan"]
[Black "Beles, Marian"]
[Result "1-0"]
[WhiteElo "1839"]
[BlackElo "1781"]
[PlyCount "71"]
[EventDate "2012.10.13"]
[EventType "team-tourn"]
[EventRounds "11"]
[EventCountry "SVK"]
[SourceTitle "EXT 2015"]
[Source "ChessBase"]
[SourceDate "2014.11.20"]
[SourceVersion "1"]
[SourceVersionDate "2014.11.20"]
[SourceQuality "1"]
[WhiteTeam "Jelsava"]
[BlackTeam "Cadca Caissa II"]
[WhiteTeamCountry "SVK"]
[BlackTeamCountry "SVK"]

1. d4 Nf6 2. c4 g6 3. Nc3 Bg7 4. e4 d6 5. Be2 0-0 6. Bg5 h6 7. Be3 Kh7 8. h4 e5 9. d5 a5 10. Nf3 Na6 11. g4 Ne8 12. Qd2 c6 13. dxc6 bxc6 14. 0-0-0 Nac7 15. h5 g5 16. Nxg5+ hxg5 17. Bxg5 f6 18. Be3 Ne6 19. h6 Bh8 20. Rdg1 Ng5 21. f4 exf4 22. Bxf4 Qe7 23. Qc2 Kg8 24. e5 dxe5 25. Qg6+ Bg7 26. Bxg5 fxg5 27. Bd3 Rf6 28. Qh7+ Kf8 29. hxg7+ Qxg7 30. Qe4 Rf4 31. Qxc6 Bb7 32. Qc5+ Kg8 33. Rh7 Qf6 34. Rxb7 Nd6 35. Nd5 Qd8 36. Bh7+ 1-0